| 000 | 00863nam a2200253Ia 4500 | ||
|---|---|---|---|
| 001 | 8014 | ||
| 003 | 16219 | ||
| 005 | 20251003212018.0 | ||
| 008 | ||||||n9999 ||| || || | ||
| 041 | _aspa | ||
| 082 | _a373 | ||
| 245 | 0 |
_aAlgunos aspectos del bachiller Colombiano _bestudio preliminar basado en encuesta hecha hacia los bachilleres y en sus resultados de las pruebas nacionales de aptitud y conocimientos 1968 |
|
| 260 |
_aBogotá : _bInstituto Colombiano para el Fomento de la Educación Superior-ICFES, _c1970. |
||
| 300 | _a168p. | ||
| 562 | _e1 | ||
| 650 |
_aCOLOMBIA _914113 |
||
| 650 | 0 |
_aEducación secundaria _93428 |
|
| 650 | 0 |
_aEducación secundaria _93428 |
|
| 650 |
_aENCUESTAS _92257 |
||
| 650 |
_aENSEÑANZA SECUNDARIA _914114 |
||
| 650 |
_aESTADÍSTICAS DE LA EDUCACIÓN _93431 |
||
| 650 | 0 |
_aEstudiantes _93432 |
|
| 942 | _cDO-GO | ||
| 999 |
_c8014 _d8014 |
||